Theory and problems of statistics (Record no. 7819)

000 -LEADER
fixed length control field 00486nam a2200193La 4500
001 - CONTROL NUMBER
control field 7819
003 - CONTROL NUMBER IDENTIFIER
control field BD-DhUET
008 - FIXED-LENGTH DATA ELEMENTS--GENERAL INFORMATION
fixed length control field 000404s1999 nyu s 001 0 eng d
040 ## - CATALOGING SOURCE
Transcribing agency 0
Modifying agency BD-DhUET
082 04 - DEWEY DECIMAL CLASSIFICATION NUMBER
Classification number 519.9
Item number SPI/1961
100 1# - MAIN ENTRY--PERSONAL NAME
Personal name Spiegel, Murray R.
245 10 - TITLE STATEMENT
Title Theory and problems of statistics
250 ## - EDITION STATEMENT
Edition statement 1st ed.
260 ## - PUBLICATION, DISTRIBUTION, ETC. (IMPRINT)
Place of publication, distribution, etc. New York
Name of publisher, distributor, etc. McGraw-Hill
Date of publication, distribution, etc. 1961
300 ## - PHYSICAL DESCRIPTION
Extent vii, 339 p.
490 ## - SERIES STATEMENT
Series statement Schaums outline series
650 #0 - SUBJECT ADDED ENTRY--TOPICAL TERM
Topical term or geographic name as entry element Statistical mathematics
942 ## - ADDED ENTRY ELEMENTS (KOHA)
Koha item type General Book
Holdings
Koha normalized classification for sorting Location (home branch) Koha full call number Copy number Shelving location Sublocation or collection (holding branch) Koha item type Source of classification or shelving scheme Withdrawn status Not for loan Damaged status Date acquired Piece designation (barcode) Lost status Koha date last seen Price effective from
519_900000000000000_SPI_1961Central Library, BUET519.9/SPI/19611Circulation sectionCentral Library, BUETGeneral Book    2014-12-1345113 2014-12-132014-12-13
519_900000000000000_SPI_1961Central Library, BUET519.9/SPI/19612Circulation sectionCentral Library, BUETGeneral Book    2014-12-137858 2014-12-132014-12-13
519_900000000000000_SPI_1961Central Library, BUET519.9/SPI/19613Reading sectionCentral Library, BUETReading Item    2015-06-1123617 2015-06-112015-06-11
519_900000000000000_SPI_1961Central Library, BUET519.9/SPI/19614Reading sectionCentral Library, BUETReading Item    2015-06-119588 2015-06-112015-06-11
519_900000000000000_SPI_1961Central Library, BUET519.9/SPI/19615Reading sectionCentral Library, BUETReading Item    2015-06-1117979 2015-06-112015-06-11
519_900000000000000_SPI_1961Central Library, BUET519.9/SPI/19616Reading sectionCentral Library, BUETReading Item    2015-06-1131852 2015-06-112015-06-11
519_900000000000000_SPI_1961Central Library, BUET519.9/SPI/19617Circulation sectionCentral Library, BUETGeneral Book    2016-11-2731857 2016-11-272016-11-27